Hebrew Letters - exact letter required - Statistics

General Stats
  • This quiz has been taken 148 times
  • The average score is 20 of 22
Answer Stats
hint letter % Correct
א Alef
98%
ב Bet
96%
ד Dalet
94%
ג Gimel
94%
ה He
92%
ל Lamed
92%
י Yod
92%
מ Mem
91%
ו Vav
91%
נ Nun
90%
ז Zayin
90%
ש Shin
89%
ח Het
88%
פ Pe
88%
ק Qof
88%
ר Resh
88%
ס Samekh
88%
ט Tet
88%
צ Tsadi
88%
כ Kaf
86%
ע Ayin
85%
ת Tav
84%
No matching quizzes found
Score Distribution
Percent of People with Each Score
Percentile by Number Answered
Your Score History
You have not taken this quiz